[Event "Bundesliga 9798"]
[Site "Deutschland"]
[Date "1998.??.??"]
[Round "?.3"]
[White "Volke, Karsten"]
[Black "Mueller, Karsten"]
[Result "0-1"]
[WhiteElo "2455"]
[BlackElo "2505"]
[PlyCount "82"]
[EventDate "1997.10.??"]
[EventType "team"]
[EventRounds "15"]
[EventCountry "GER"]
[SourceTitle "Bundesliga 9798"]
[Source "DeepChess"]
[SourceDate "2005.01.01"]
[SourceVersion "1"]
[SourceVersionDate "2005.01.01"]
[SourceQuality "1"]
[WhiteTeam "SV Empor Berlin e.V."]
[BlackTeam "Hamburger SK 1830 e.V."]
[WhiteTeamCountry "GER"]
[BlackTeamCountry "GER"]

1. d4 d5 2. c4 c6 3. e3 Nf6 4. Nc3 e6 5. Qc2 Nbd7 6. Nf3 Bd6 7. Bd2 O-O 8.
O-O-O Ng4 9. Be1 f5 10. h3 Nh6 11. Be2 a6 12. g4 b5 13. cxd5 cxd5 14. gxf5 Nxf5
15. e4 dxe4 16. Nxe4 Bb7 17. Kb1 Rc8 18. Qd3 Nf6 19. Nfg5 Bf4 20. Rg1 Nxe4 21.
Nxe4 Qxd4 22. Nc3 Qxd3+ 23. Bxd3 Bf3 24. Ne2 Bh2 25. Bb4 Rfd8 26. Rge1 Rxd3 27.
Rxd3 Be4 28. Nc1 Rxc1+ 29. Kxc1 Bxd3 30. Rxe6 Bf4+ 31. Kd1 Bf1 32. Rxa6 Bxh3
33. Ra5 h5 34. f3 Bg2 35. Ke2 h4 36. Rxb5 Nd4+ 37. Kf2 Bxf3 38. Bc5 h3 39. Bxd4
h2 40. Kxf3 h1=Q+ 41. Kxf4 Qf1+ 0-1

[Event "Bundesliga 9798"]
[Site "Deutschland"]
[Date "1998.??.??"]
[Round "?.4"]
[White "Heinemann, Thies"]
[Black "Hetey, Laszlo"]
[Result "1-0"]
[WhiteElo "2450"]
[BlackElo "2345"]
[PlyCount "51"]
[EventDate "1997.10.??"]
[EventType "team"]
[EventRounds "15"]
[EventCountry "GER"]
[SourceTitle "Bundesliga 9798"]
[Source "DeepChess"]
[SourceDate "2005.01.01"]
[SourceVersion "1"]
[SourceVersionDate "2005.01.01"]
[SourceQuality "1"]
[WhiteTeam "Hamburger SK 1830 e.V."]
[BlackTeam "SV Empor Berlin e.V."]
[WhiteTeamCountry "GER"]
[BlackTeamCountry "GER"]

1. e4 c5 2. Nf3 d6 3. d4 cxd4 4. Nxd4 Nf6 5. Nc3 e6 6. g4 a6 7. g5 Nfd7 8. h4
b5 9. a3 Bb7 10. Be3 Nc6 11. Qe2 Rc8 12. O-O-O Nce5 13. f4 Nc4 14. Qe1 Qc7 15.
Bxc4 Qxc4 16. Nb3 Qc7 17. Rh2 Be7 18. h5 Nc5 19. Nxc5 dxc5 20. Rhd2 b4 21. Rd7
Qc6 22. Rxe7+ Kxe7 23. Nd5+ Ke8 24. h6 gxh6 25. Nf6+ Kf8 26. Bxc5+ 1-0

[Event "Bundesliga 9798"]
[Site "Deutschland"]
[Date "1998.??.??"]
[Round "?.5"]
[White "Thinius, Marco"]
[Black "Michaelsen, Nils"]
[Result "1/2-1/2"]
[WhiteElo "2310"]
[BlackElo "2430"]
[PlyCount "90"]
[EventDate "1997.10.??"]
[EventType "team"]
[EventRounds "15"]
[EventCountry "GER"]
[SourceTitle "Bundesliga 9798"]
[Source "DeepChess"]
[SourceDate "2005.01.01"]
[SourceVersion "1"]
[SourceVersionDate "2005.01.01"]
[SourceQuality "1"]
[WhiteTeam "SV Empor Berlin e.V."]
[BlackTeam "Hamburger SK 1830 e.V."]
[WhiteTeamCountry "GER"]
[BlackTeamCountry "GER"]

1. Nf3 c5 2. c4 e6 3. Nc3 d5 4. cxd5 exd5 5. d4 Nc6 6. g3 Nf6 7. Bg2 Be7 8. O-O
O-O 9. dxc5 Bxc5 10. Bg5 d4 11. Ne4 Be7 12. Bxf6 Bxf6 13. Rc1 Re8 14. Ne1 Be7
15. Nd3 Bf8 16. Nec5 Qb6 17. Qd2 Bg4 18. Rfe1 Rac8 19. a3 a5 20. h3 Be6 21.
Nxe6 Rxe6 22. Nf4 Rd6 23. Red1 Rcd8 24. Rc2 g6 25. Nd3 Re6 26. Qf4 Qb5 27. Rdc1
Rde8 28. Bf3 a4 29. Kg2 Qa5 30. Nc5 Bxc5 31. Rxc5 Qb6 32. h4 Qxb2 33. h5 d3 34.
exd3 Rf6 35. R1c2 Rxf4 36. Rxb2 Rd4 37. Rxb7 Ne5 38. Be4 Nxd3 39. Bxd3 Rxd3 40.
Rcc7 Rf8 41. hxg6 hxg6 42. Ra7 Rxa3 43. Rc4 Ra1 44. Rcxa4 Rxa4 45. Rxa4 Kg7
1/2-1/2

[Event "Bundesliga 9798"]
[Site "Deutschland"]
[Date "1998.??.??"]
[Round "?.6"]
[White "Wilhelmi, Christian"]
[Black "Richter, Michael"]
[Result "1-0"]
[WhiteElo "2405"]
[BlackElo "2370"]
[PlyCount "81"]
[EventDate "1997.10.??"]
[EventType "team"]
[EventRounds "15"]
[EventCountry "GER"]
[SourceTitle "Bundesliga 9798"]
[Source "DeepChess"]
[SourceDate "2005.01.01"]
[SourceVersion "1"]
[SourceVersionDate "2005.01.01"]
[SourceQuality "1"]
[WhiteTeam "Hamburger SK 1830 e.V."]
[BlackTeam "SV Empor Berlin e.V."]
[WhiteTeamCountry "GER"]
[BlackTeamCountry "GER"]

1. c4 e6 2. g3 d5 3. Bg2 Nf6 4. Nf3 Be7 5. O-O O-O 6. d4 b6 7. cxd5 exd5 8. Nc3
Bb7 9. Bf4 Nbd7 10. Nb5 Ne8 11. Rc1 c6 12. Nc3 f5 13. h4 Nd6 14. Ng5 Rf6 15.
Qb3 Nf7 16. Nxd5 cxd5 17. Rc7 Nd6 18. Bxd5+ Kh8 19. Bxd6 Bxd5 20. Qxd5 Bxd6 21.
Rxd7 Qxd7 22. Qxa8+ Rf8 23. Qd5 h6 24. Nf3 Qc7 25. Kg2 Kh7 26. e4 fxe4 27.
Qxe4+ Kh8 28. Re1 Qf7 29. b3 Rc8 30. Re2 a5 31. Ne5 Bxe5 32. dxe5 Qe6 33. Rd2
Re8 34. Rd5 g6 35. Qd4 h5 36. Rd6 Qxe5 37. Qxe5+ Rxe5 38. Rxg6 Rb5 39. Rg5 Rb4
40. Rxh5+ Kg7 41. Rd5 1-0

[Event "Bundesliga 9798"]
[Site "Deutschland"]
[Date "1998.??.??"]
[Round "?.7"]
[White "Apel, Stefan"]
[Black "Sievers, Stefan"]
[Result "1-0"]
[WhiteElo "2305"]
[BlackElo "2365"]
[PlyCount "67"]
[EventDate "1997.10.??"]
[EventType "team"]
[EventRounds "15"]
[EventCountry "GER"]
[SourceTitle "Bundesliga 9798"]
[Source "DeepChess"]
[SourceDate "2005.01.01"]
[SourceVersion "1"]
[SourceVersionDate "2005.01.01"]
[SourceQuality "1"]
[WhiteTeam "SV Empor Berlin e.V."]
[BlackTeam "Hamburger SK 1830 e.V."]
[WhiteTeamCountry "GER"]
[BlackTeamCountry "GER"]

1. c4 c5 2. Nc3 g6 3. g3 Bg7 4. Bg2 Nc6 5. Nf3 e5 6. a3 a5 7. O-O Nge7 8. d3
O-O 9. Rb1 Rb8 10. Bg5 f6 11. Bd2 d6 12. Ne1 Be6 13. Nd5 b5 14. Nc2 b4 15. axb4
Nxb4 16. Nxe7+ Qxe7 17. Ra1 Qc7 18. Ne3 f5 19. Bc3 f4 20. Nd5 Qf7 21. Bxb4 axb4
22. Ra6 Rbd8 23. Qa4 g5 24. Ra7 Qh5 25. Bf3 g4 26. Be4 f3 27. exf3 gxf3 28. Qc6
Kh8 29. Ne3 Rf6 30. Rfa1 Rh6 31. h4 Rf6 32. Re7 Bg8 33. Qc7 Bh6 34. Rxh7+ 1-0

[Event "Bundesliga 9798"]
[Site "Deutschland"]
[Date "1998.??.??"]
[Round "?.8"]
[White "Gustafsson, Jan"]
[Black "Meissner, Hans Juergen"]
[Result "0-1"]
[WhiteElo "2375"]
[BlackElo "2255"]
[PlyCount "92"]
[EventDate "1997.10.??"]
[EventType "team"]
[EventRounds "15"]
[EventCountry "GER"]
[SourceTitle "Bundesliga 9798"]
[Source "DeepChess"]
[SourceDate "2005.01.01"]
[SourceVersion "1"]
[SourceVersionDate "2005.01.01"]
[SourceQuality "1"]
[WhiteTeam "Hamburger SK 1830 e.V."]
[BlackTeam "SV Empor Berlin e.V."]
[WhiteTeamCountry "GER"]
[BlackTeamCountry "GER"]

1. d4 Nf6 2. c4 g6 3. Nc3 Bg7 4. e4 O-O 5. Bg5 d6 6. f3 c6 7. Qd2 e5 8. d5 cxd5
9. cxd5 a6 10. Nge2 Nbd7 11. Ng3 b5 12. Be2 Nb6 13. O-O Bd7 14. b3 Qe7 15. a4
bxa4 16. Nxa4 Bxa4 17. bxa4 Nbd7 18. a5 Nc5 19. Rab1 Rfb8 20. Qa2 Qa7 21. Be3
Nfd7 22. Kh1 h5 23. Bc4 Kh7 24. Qd2 Qc7 25. Qa2 Qd8 26. Ne2 Bh6 27. Bf2 Rxb1
28. Rxb1 Rb8 29. Be1 Rxb1 30. Qxb1 Qg5 31. Qc2 Qe3 32. Qc3 Qg5 33. Qc2 Qd8 34.
Nc1 Bg5 35. Nd3 Be3 36. Nxc5 Nxc5 37. Qe2 Bd4 38. Bxa6 Nxa6 39. Qxa6 Qb8 40.
Qd3 Qb2 41. Qd2 Qb5 42. h4 Qf1+ 43. Kh2 Qg1+ 44. Kh3 Be3 45. Qe2 Qh1+ 46. Kg3
Bg1 0-1

[Event "Bundesliga 9798"]
[Site "Deutschland"]
[Date "1998.??.??"]
[Round "?.1"]
[White "Ftacnik, Lubomir"]
[Black "Casper, Thomas"]
[Result "1-0"]
[WhiteElo "2585"]
[BlackElo "2415"]
[PlyCount "76"]
[EventDate "1997.10.??"]
[EventType "team"]
[EventRounds "15"]
[EventCountry "GER"]
[SourceTitle "Bundesliga 9798"]
[Source "DeepChess"]
[SourceDate "2005.01.01"]
[SourceVersion "1"]
[SourceVersionDate "2005.01.01"]
[SourceQuality "1"]
[WhiteTeam "Hamburger SK 1830 e.V."]
[BlackTeam "SV Erfurt West 90"]
[WhiteTeamCountry "GER"]
[BlackTeamCountry "GER"]

1. d4 Nf6 2. Nf3 d6 3. c4 Nbd7 4. Nc3 e5 5. e4 g6 6. Be2 Bg7 7. O-O O-O 8. Be3
c6 9. d5 cxd5 10. cxd5 Ng4 11. Bg5 f6 12. Bd2 Nh6 13. b4 Nf7 14. Qc2 a6 15.
Rac1 Bh6 16. Bd3 Ng5 17. Nxg5 Bxg5 18. Bxg5 fxg5 19. Nd1 a5 20. a3 axb4 21.
axb4 Nf6 22. Ne3 Bd7 23. Nc4 Bb5 24. Qd2 Rc8 25. Nxe5 Bxd3 26. Nxd3 Nxe4 27.
Qe3 Re8 28. Rfe1 Rxc1 29. Qxc1 Qf6 30. Qc4 Qf5 31. h3 Nf6 32. Re6 Rf8 33. Rxd6
Ne4 34. Rb6 Nxf2 35. d6+ Rf7 36. Rxb7 Nxh3+ 37. Kh2 Nf4 38. Ne5 Ne6 1-0

[Event "Bundesliga 9798"]
[Site "Deutschland"]
[Date "1998.??.??"]
[Round "?.2"]
[White "Kuczynski, Robert"]
[Black "Wahls, Matthias"]
[Result "0-1"]
[WhiteElo "2495"]
[BlackElo "2595"]
[PlyCount "84"]
[EventDate "1997.10.??"]
[EventType "team"]
[EventRounds "15"]
[EventCountry "GER"]
[SourceTitle "Bundesliga 9798"]
[Source "DeepChess"]
[SourceDate "2005.01.01"]
[SourceVersion "1"]
[SourceVersionDate "2005.01.01"]
[SourceQuality "1"]
[WhiteTeam "SV Erfurt West 90"]
[BlackTeam "Hamburger SK 1830 e.V."]
[WhiteTeamCountry "GER"]
[BlackTeamCountry "GER"]

1. e4 c5 2. Nf3 d6 3. d4 cxd4 4. Nxd4 Nf6 5. Nc3 a6 6. Be2 g6 7. O-O Bg7 8. Bg5
O-O 9. Qd2 Nc6 10. Nxc6 bxc6 11. Rad1 Be6 12. Kh1 Kh8 13. Bh6 Bxh6 14. Qxh6 Qa5
15. Qe3 g5 16. f3 Rg8 17. b3 Qe5 18. Qd4 Nd7 19. Na4 c5 20. Qxe5+ Nxe5 21. Rd2
a5 22. g3 f5 23. exf5 Bxf5 24. Nb6 Raf8 25. Kg2 Rg7 26. Nc4 Nc6 27. Re1 Rgf7
28. Bd1 Bc8 29. Re3 Ba6 30. Nb6 Bb7 31. Nc4 Nd4 32. Nxa5 Nxf3 33. Bxf3 Bxf3+
34. Kh3 g4+ 35. Kh4 Rf6 36. Rxe7 Rh6+ 37. Kg5 Rg6+ 38. Kh4 Rfg8 39. Kh5 Rg5+
40. Kh4 R5g6 41. Kh5 Rf8 42. Kh4 Rf5 0-1

[Event "Bundesliga 9798"]
[Site "Deutschland"]
[Date "1998.04.25"]
[Round "?.4"]
[White "Renner, Christoph"]
[Black "Mueller, Karsten"]
[Result "0-1"]
[WhiteElo "2415"]
[BlackElo "2505"]
[PlyCount "50"]
[EventDate "1997.10.??"]
[EventType "team"]
[EventRounds "15"]
[EventCountry "GER"]
[SourceTitle "Bundesliga 9798"]
[Source "DeepChess"]
[SourceDate "2005.01.01"]
[SourceVersion "1"]
[SourceVersionDate "2005.01.01"]
[SourceQuality "1"]
[WhiteTeam "SV Erfurt West 90"]
[BlackTeam "Hamburger SK 1830 e.V."]
[WhiteTeamCountry "GER"]
[BlackTeamCountry "GER"]

1. e4 e6 2. d3 d5 3. Nd2 Nf6 4. Ngf3 Nc6 5. c3 e5 6. b4 a6 7. Bb2 Bd6 8. g3 O-O
9. Bg2 Ne7 10. O-O c6 11. c4 dxe4 12. Nxe5 Bxe5 13. Bxe5 Ng4 14. Bf4 exd3 15.
c5 Nd5 16. Bd6 Re8 17. Nc4 Bf5 18. Bxd5 cxd5 19. Nb6 Re2 20. h3 Be4 21. Qc1 Ne3
22. Qc3 Nxf1 23. Rxf1 Rc8 24. f3 Qxb6 25. Be5 Qh6 0-1

[Event "Bundesliga 9798"]
[Site "Deutschland"]
[Date "1998.??.??"]
[Round "?.5"]
[White "Heinemann, Thies"]
[Black "Troyke, Christian"]
[Result "1-0"]
[WhiteElo "2450"]
[BlackElo "2400"]
[PlyCount "95"]
[EventDate "1997.10.??"]
[EventType "team"]
[EventRounds "15"]
[EventCountry "GER"]
[SourceTitle "Bundesliga 9798"]
[Source "DeepChess"]
[SourceDate "2005.01.01"]
[SourceVersion "1"]
[SourceVersionDate "2005.01.01"]
[SourceQuality "1"]
[WhiteTeam "Hamburger SK 1830 e.V."]
[BlackTeam "SV Erfurt West 90"]
[WhiteTeamCountry "GER"]
[BlackTeamCountry "GER"]

1. e4 c5 2. Nf3 Nc6 3. d4 cxd4 4. Nxd4 g6 5. c4 Bg7 6. Be3 Nf6 7. Nc3 O-O 8.
Be2 d6 9. Qd2 Bd7 10. f3 Nxd4 11. Bxd4 a5 12. O-O Bc6 13. Rab1 Nd7 14. Be3 Nc5
15. b3 Qb6 16. Rfc1 Rfc8 17. Qc2 Qd8 18. Bd1 Qf8 19. Qd2 h5 20. a3 b6 21. b4
axb4 22. axb4 Nd7 23. Bb3 Kh7 24. Nd5 Rab8 25. Rc2 e6 26. Nc3 Ne5 27. Rd1 Be8
28. Ne2 b5 29. c5 dxc5 30. Bxc5 Qh8 31. f4 Ng4 32. e5 Nh6 33. Nd4 Bf8 34. Nf3
Bxc5+ 35. Rxc5 Nf5 36. Ng5+ Kg7 37. Bc2 Rxc5 38. bxc5 Qf8 39. Ne4 Bc6 40. Nd6
Nh4 41. Be4 Bxe4 42. Nxe4 Qc8 43. Qd7 Qxd7 44. Rxd7 b4 45. c6 b3 46. Rb7 Rc8
47. c7 b2 48. Nd6 1-0

[Event "Bundesliga 9798"]
[Site "Deutschland"]
[Date "1998.??.??"]
[Round "?.6"]
[White "Fuhrmann, Daniel"]
[Black "Michaelsen, Nils"]
[Result "0-1"]
[WhiteElo "2295"]
[BlackElo "2430"]
[PlyCount "163"]
[EventDate "1997.10.??"]
[EventType "team"]
[EventRounds "15"]
[EventCountry "GER"]
[SourceTitle "Bundesliga 9798"]
[Source "DeepChess"]
[SourceDate "2005.01.01"]
[SourceVersion "1"]
[SourceVersionDate "2005.01.01"]
[SourceQuality "1"]
[WhiteTeam "SV Erfurt West 90"]
[BlackTeam "Hamburger SK 1830 e.V."]
[WhiteTeamCountry "GER"]
[BlackTeamCountry "GER"]

1. d4 Nf6 2. c4 e6 3. Nf3 b6 4. g3 Ba6 5. b3 Bb4+ 6. Bd2 Be7 7. Bg2 c6 8. Bc3
d5 9. Nbd2 Nbd7 10. O-O O-O 11. Re1 Bb7 12. e4 Nxe4 13. Nxe4 dxe4 14. Rxe4 c5
15. Re2 Bf6 16. Rd2 Qe7 17. Qe2 Rad8 18. Rad1 Nb8 19. Qe3 Nc6 20. d5 exd5 21.
Qxe7 Nxe7 22. Bxf6 gxf6 23. Nh4 Ng6 24. Nf5 Bc8 25. Rxd5 Rxd5 26. Rxd5 Be6 27.
Nh6+ Kg7 28. Rh5 Rd8 29. Bd5 Ne7 30. Be4 Rd2 31. Nf5+ Nxf5 32. Bxf5 h6 33. g4
Rxa2 34. Rh3 Ra3 35. Re3 Bxf5 36. gxf5 h5 37. Kg2 a5 38. Kf3 a4 39. bxa4 Rxa4
40. Rc3 Rb4 41. Ke4 Rb2 42. Kd5 Kh6 43. h4 Rxf2 44. Kc6 Rb2 45. Rc1 Kg7 46. Rc3
Kf8 47. Rf3 Rc2 48. Rf4 Rg2 49. Rf3 Rg4 50. Rc3 Rf4 51. Kxb6 Rxf5 52. Kc6 Ke7
53. Rd3 Rf4 54. Re3+ Kd8 55. Kxc5 Rxh4 56. Kd5 Rh1 57. Rf3 h4 58. Ke4 Rc1 59.
Rxf6 h3 60. Rh6 Rxc4+ 61. Kf5 Rc3 62. Rh7 Ke7 63. Ke5 Kf8 64. Kf6 Rf3+ 65. Kg5
Kg8 66. Rh4 Kg7 67. Kg4 Ra3 68. Rh5 Kg6 69. Rh8 Kf6 70. Kf4 Rc3 71. Rh5 Ke6 72.
Re5+ Kd6 73. Rh5 f6 74. Rh6 Ke6 75. Rh5 Rc2 76. Ke4 h2 77. Rh6 Kf7 78. Kf5 Rf2+
79. Kg4 Ke6 80. Kg3 Rd2 81. Kf4 Kd5 82. Rh5+ 0-1

[Event "Bundesliga 9798"]
[Site "Deutschland"]
[Date "1998.??.??"]
[Round "?.7"]
[White "Wilhelmi, Christian"]
[Black "Petrosian, Suren"]
[Result "1/2-1/2"]
[WhiteElo "2405"]
[BlackElo "2255"]
[PlyCount "115"]
[EventDate "1997.10.??"]
[EventType "team"]
[EventRounds "15"]
[EventCountry "GER"]
[SourceTitle "Bundesliga 9798"]
[Source "DeepChess"]
[SourceDate "2005.01.01"]
[SourceVersion "1"]
[SourceVersionDate "2005.01.01"]
[SourceQuality "1"]
[WhiteTeam "Hamburger SK 1830 e.V."]
[BlackTeam "SV Erfurt West 90"]
[WhiteTeamCountry "GER"]
[BlackTeamCountry "GER"]

1. Nf3 c5 2. g3 Nc6 3. d4 cxd4 4. Nxd4 g6 5. Bg2 Bg7 6. Nb3 Nf6 7. O-O O-O 8.
c4 d6 9. Nc3 Nd7 10. Bf4 Nde5 11. c5 Nc4 12. cxd6 e5 13. Bc1 Nd4 14. e3 Nf5 15.
d7 Qxd7 16. Qxd7 Bxd7 17. Nc5 Bc6 18. Bxc6 bxc6 19. b3 Nb6 20. Bb2 Rfd8 21.
Rfd1 Bf8 22. N3e4 Bg7 23. Kf1 Rd5 24. Ke2 Ne7 25. Na6 Rad8 26. Nb4 Rxd1 27.
Rxd1 Rxd1 28. Kxd1 f5 29. Nc5 e4 30. Kc2 h5 31. h4 Nbd5 32. Nxd5 Nxd5 33. Bxg7
Kxg7 34. Ne6+ Kf6 35. Nf4 Nb4+ 36. Kb2 g5 37. hxg5+ Kxg5 38. a3 Na6 39. Kc3 Kg4
40. Kd4 Kf3 41. Nxh5 Kxf2 42. Ng7 c5+ 43. Ke5 Kxe3 44. Nxf5+ Kd3 45. g4 e3 46.
Nxe3 Kxe3 47. g5 Nc7 48. Kd6 Ne8+ 49. Kxc5 Kf4 50. Kc6 Kxg5 51. a4 Kf6 52. Kb7
a5 53. Kb6 Ke6 54. Kxa5 Kd7 55. Kb6 Kc8 56. Kc6 Nf6 57. a5 Ne4 58. b4 1/2-1/2

[Event "Bundesliga 9798"]
[Site "Deutschland"]
[Date "1997.??.??"]
[Round "?.1"]
[White "Ftacnik, Lubomir"]
[Black "Balashov, Yuri S"]
[Result "1/2-1/2"]
[WhiteElo "2585"]
[BlackElo "2550"]
[PlyCount "57"]
[EventDate "1997.10.??"]
[EventType "team"]
[EventRounds "15"]
[EventCountry "GER"]
[SourceTitle "Bundesliga 9798"]
[Source "DeepChess"]
[SourceDate "2005.01.01"]
[SourceVersion "1"]
[SourceVersionDate "2005.01.01"]
[SourceQuality "1"]
[WhiteTeam "Hamburger SK 1830 e.V."]
[BlackTeam "SVG Plettenberg"]
[WhiteTeamCountry "GER"]
[BlackTeamCountry "GER"]

1. d4 Nf6 2. Nf3 e6 3. c4 Bb4+ 4. Bd2 a5 5. g3 d5 6. Qc2 O-O 7. Bg2 c5 8. cxd5
cxd4 9. Nxd4 Qb6 10. Bxb4 axb4 11. e3 exd5 12. Nd2 Nc6 13. N2b3 Nxd4 14. Nxd4
Bd7 15. O-O Rfc8 16. Qd3 Rc7 17. a3 bxa3 18. Rxa3 Rxa3 19. Qxa3 Rc8 20. h3 h6
21. Rd1 Rc5 22. b4 Rc4 23. Qa8+ Rc8 24. Qa5 Qxa5 25. bxa5 Rc5 26. Rb1 Rxa5 27.
Rxb7 Ra1+ 28. Kh2 Ra2 29. Kg1 1/2-1/2

[Event "Bundesliga 9798"]
[Site "Deutschland"]
[Date "1997.??.??"]
[Round "?.2"]
[White "Kupreichik, Viktor D"]
[Black "Wahls, Matthias"]
[Result "1-0"]
[WhiteElo "2500"]
[BlackElo "2595"]
[PlyCount "73"]
[EventDate "1997.10.??"]
[EventType "team"]
[EventRounds "15"]
[EventCountry "GER"]
[SourceTitle "Bundesliga 9798"]
[Source "DeepChess"]
[SourceDate "2005.01.01"]
[SourceVersion "1"]
[SourceVersionDate "2005.01.01"]
[SourceQuality "1"]
[WhiteTeam "SVG Plettenberg"]
[BlackTeam "Hamburger SK 1830 e.V."]
[WhiteTeamCountry "GER"]
[BlackTeamCountry "GER"]

1. e4 e5 2. Nf3 Nc6 3. Bb5 a6 4. Ba4 Nf6 5. O-O Be7 6. Re1 b5 7. Bb3 O-O 8. a4
Bb7 9. d3 Re8 10. Bd2 d5 11. axb5 axb5 12. Rxa8 Bxa8 13. Nc3 dxe4 14. dxe4 Nd4
15. Nxd4 exd4 16. Nxb5 Qd7 17. Qe2 Bxe4 18. Qc4 Bxg2 19. Qxf7+ Kh8 20. Rxe7
Qxe7 21. Qxe7 Rxe7 22. Kxg2 Re2 23. Bf4 c5 24. Kf3 Re1 25. Nd6 h6 26. Nb7 Nd7
27. Nd6 g5 28. Bg3 Kg7 29. Ne4 Rb1 30. Ba4 Nb6 31. Nxc5 Rxb2 32. Bb3 Kg6 33.
Be5 Rb1 34. Bxd4 h5 35. Be6 g4+ 36. Kf4 Rc1 37. Bb3 1-0

[Event "Bundesliga 9798"]
[Site "Deutschland"]
[Date "1997.??.??"]
[Round "?.3"]
[White "Kempinski, Robert"]
[Black "Luecke, Norbert"]
[Result "1-0"]
[WhiteElo "2530"]
[BlackElo "2375"]
[PlyCount "57"]
[EventDate "1997.10.??"]
[EventType "team"]
[EventRounds "15"]
[EventCountry "GER"]
[SourceTitle "Bundesliga 9798"]
[Source "DeepChess"]
[SourceDate "2005.01.01"]
[SourceVersion "1"]
[SourceVersionDate "2005.01.01"]
[SourceQuality "1"]
[WhiteTeam "Hamburger SK 1830 e.V."]
[BlackTeam "SVG Plettenberg"]
[WhiteTeamCountry "GER"]
[BlackTeamCountry "GER"]

1. d4 Nf6 2. c4 g6 3. Nc3 d5 4. Nf3 Bg7 5. Qb3 dxc4 6. Qxc4 O-O 7. Bf4 c6 8. e4
b5 9. Qb3 Be6 10. Qc2 Qa5 11. Bd3 Na6 12. Qd2 Rfd8 13. O-O Bg4 14. Ne5 Rac8 15.
h3 Be6 16. a4 b4 17. Ne2 Nxe4 18. Qc1 Bxe5 19. Bxe5 Nac5 20. Bc2 b3 21. Bb1 Qd2
22. Re1 Qxc1 23. Nxc1 f6 24. dxc5 fxe5 25. Bxe4 Rd2 26. Nd3 Bf5 27. Bxf5 gxf5
28. Nxe5 Rxb2 29. Rab1 1-0

[Event "Bundesliga 9798"]
[Site "Deutschland"]
[Date "1997.??.??"]
[Round "?.4"]
[White "Thiel, Thomas"]
[Black "Mueller, Karsten"]
[Result "0-1"]
[WhiteElo "2345"]
[BlackElo "2505"]
[PlyCount "106"]
[EventDate "1997.10.??"]
[EventType "team"]
[EventRounds "15"]
[EventCountry "GER"]
[SourceTitle "Bundesliga 9798"]
[Source "DeepChess"]
[SourceDate "2005.01.01"]
[SourceVersion "1"]
[SourceVersionDate "2005.01.01"]
[SourceQuality "1"]
[WhiteTeam "SVG Plettenberg"]
[BlackTeam "Hamburger SK 1830 e.V."]
[WhiteTeamCountry "GER"]
[BlackTeamCountry "GER"]

1. e4 d5 2. exd5 Qxd5 3. Nc3 Qa5 4. d4 Nf6 5. Bc4 c6 6. Qe2 Bf5 7. Bd2 Qc7 8.
Nf3 e6 9. Ne5 Nbd7 10. O-O-O h5 11. Nxd7 Kxd7 12. f3 Rd8 13. Ne4 Kc8 14. Bg5
Be7 15. Ng3 Bg6 16. Rhe1 h4 17. Nf1 Bd6 18. Kb1 Rd7 19. Qf2 h3 20. g3 Nd5 21.
Bb3 Qa5 22. Bd2 Qd8 23. Ne3 Nxe3 24. Bxe3 Bb4 25. Rf1 Ba5 26. Ka1 Bb6 27. c4
Kb8 28. Rfe1 Ka8 29. d5 exd5 30. Bxb6 Qxb6 31. Qxb6 axb6 32. cxd5 cxd5 33. Rxd5
Rxd5 34. Bxd5 Rd8 35. Rd1 Kb8 36. Bb3 Re8 37. Bc4 Re3 38. b3 Rxf3 39. Rf1 Rxf1+
40. Bxf1 Bf5 41. Kb2 Kc7 42. Kc3 Kd6 43. Kd4 Be6 44. b4 f6 45. a4 g5 46. a5
bxa5 47. bxa5 Bc8 48. Bb5 g4 49. Bd3 f5 50. Bc4 f4 51. gxf4 Be6 52. Bf1 Bd5 53.
Ke3 g3 0-1

[Event "Bundesliga 9798"]
[Site "Deutschland"]
[Date "1997.??.??"]
[Round "?.5"]
[White "Heinemann, Thies"]
[Black "Meyer, Peter"]
[Result "1-0"]
[WhiteElo "2450"]
[BlackElo "2345"]
[PlyCount "113"]
[EventDate "1997.10.??"]
[EventType "team"]
[EventRounds "15"]
[EventCountry "GER"]
[SourceTitle "Bundesliga 9798"]
[Source "DeepChess"]
[SourceDate "2005.01.01"]
[SourceVersion "1"]
[SourceVersionDate "2005.01.01"]
[SourceQuality "1"]
[WhiteTeam "Hamburger SK 1830 e.V."]
[BlackTeam "SVG Plettenberg"]
[WhiteTeamCountry "GER"]
[BlackTeamCountry "GER"]

1. e4 e5 2. Nf3 Nc6 3. Bc4 Nf6 4. Ng5 d5 5. exd5 Na5 6. Bb5+ c6 7. dxc6 bxc6 8.
Be2 h6 9. Nh3 Bd6 10. d3 Bf5 11. Nc3 Qc7 12. Bf3 Rd8 13. Qe2 O-O 14. Bd2 Be6
15. Ne4 Nxe4 16. dxe4 c5 17. Bg4 Bc4 18. Qe3 Nc6 19. c3 Be7 20. Be2 Be6 21. Bc1
Bd6 22. O-O Ne7 23. b3 a5 24. Rb1 Qc6 25. Bc4 Bc8 26. Re1 Kh8 27. Qg3 f5 28.
Ng5 f4 29. Qh4 Qe8 30. Ne6 Bxe6 31. Bxe6 Rf6 32. Qh3 Bc7 33. Ba3 Qc6 34. Bc4
Rd2 35. Bc1 Rd8 36. Bb2 Rfd6 37. Qh5 Rd2 38. h3 Qd6 39. a4 Kh7 40. Ba3 Bb6 41.
Qg4 Qc6 42. Rbd1 Qd6 43. Rxd2 Qxd2 44. Qe2 g5 45. Kf1 Ng6 46. Qg4 Qd6 47. Bd5
Qf6 48. Rd1 Nh4 49. Bc4 Rd6 50. Rxd6 Qxd6 51. Bd5 Kg6 52. Qc8 h5 53. Kg1 f3 54.
g3 Ng2 55. Qf5+ Kh6 56. Qxf3 Ne1 57. Qe2 1-0

[Event "Bundesliga 9798"]
[Site "Deutschland"]
[Date "1997.??.??"]
[Round "?.6"]
[White "Oswald, Hans Joachim"]
[Black "Michaelsen, Nils"]
[Result "0-1"]
[WhiteElo "2330"]
[BlackElo "2430"]
[PlyCount "72"]
[EventDate "1997.10.??"]
[EventType "team"]
[EventRounds "15"]
[EventCountry "GER"]
[SourceTitle "Bundesliga 9798"]
[Source "DeepChess"]
[SourceDate "2005.01.01"]
[SourceVersion "1"]
[SourceVersionDate "2005.01.01"]
[SourceQuality "1"]
[WhiteTeam "SVG Plettenberg"]
[BlackTeam "Hamburger SK 1830 e.V."]
[WhiteTeamCountry "GER"]
[BlackTeamCountry "GER"]

1. Nf3 d5 2. d4 c5 3. c3 Nc6 4. e3 e6 5. Bd3 Nf6 6. O-O Bd6 7. Nbd2 O-O 8. dxc5
Bxc5 9. e4 Qc7 10. exd5 exd5 11. Nb3 Bb6 12. Re1 h6 13. Be3 Bg4 14. Bxb6 Qxb6
15. h3 Bh5 16. g4 Ne4 17. Bxe4 dxe4 18. gxh5 exf3 19. Qxf3 a5 20. Qe3 Qd8 21.
Rad1 Qh4 22. Rd5 Rad8 23. Rf5 Rd7 24. Qg3 Qd8 25. Re4 Rd3 26. Re3 Rxe3 27. Qxe3
Re8 28. Qf3 Re1+ 29. Kg2 Qe7 30. Nxa5 Ne5 31. Qxb7 Qe6 32. Rf4 Nd3 33. Rc4 Kh7
34. Rg4 Qf5 35. Qb6 Re2 36. Qe6 Qxf2+ 0-1